|
|
|
|
| LEADER |
00000nab a2200000 a 4500 |
| 001 |
vtls000210708 |
| 003 |
SK-MaSNL |
| 005 |
20260304181407.0 |
| 008 |
250423c1984 xo 0 slo |
| 015 |
|
|
|a SNBRB19rr/mm-uuuuu
|
| 035 |
|
|
|a CL0220821
|
| 035 |
|
|
|a urn:nbn:sk:snk-ab6nkw
|
| 035 |
|
|
|a (uuid)c52287a9-0022-466a-92aa-e756f80d0dd8
|
| 035 |
|
|
|a (urnnbn)urn:nbn:sk:snk:ar-005nda
|
| 035 |
|
|
|a (sysno)vtls000210708
|
| 040 |
|
|
|a SNKBUCL
|b slo
|c SNKBUCL
|e AACR2
|
| 041 |
0 |
|
|a slo
|
| 044 |
|
|
|a xo
|c SK
|
| 080 |
|
|
|a 82.035:885.4(=82)
|2 1981
|
| 080 |
|
|
|a 885.4(=82)
|2 1981
|
| 080 |
|
|
|a 82
|2 1981
|
| 080 |
|
|
|a 929
|2 1981
|
| 080 |
|
|
|a 882
|2 1981
|
| 100 |
1 |
|
|a Križka, Teodor,
|d 1956-
|4 aut
|9 206539
|
| 245 |
1 |
0 |
|a Na moment s prekladateľkou
|c Teodor Križka, Jelena Valerievna Širokovová ; Jelena Valerijevna Širokova
|
| 300 |
|
|
|b Fot. 1.
|
| 500 |
|
|
|a V rubrike Interview Ruštinára.
|
| 650 |
0 |
7 |
|a Širokova, Jelena Valerijevna
|2 snkbucl
|9 1511529
|
| 650 |
0 |
7 |
|a slovenská literatúra
|2 snkbucl
|9 1115
|
| 650 |
0 |
7 |
|a literárny preklad
|2 snkbucl
|9 28595
|
| 655 |
|
7 |
|a články z novín a časopisov
|2 snkbucl
|9 267496
|
| 655 |
|
7 |
|a články z odboru literárna veda a krásna literatúra
|2 snkbucl
|9 770045
|
| 700 |
1 |
|
|a Širokovová, Jelena Valerievna
|4 aut
|9 1511530
|
| 700 |
1 |
|
|a Širokova, Jelena Valerijevna
|4 aut
|9 1511531
|
| 773 |
0 |
|
|t Ruštinár
|g Roč. 19, č. 9 (1984), s. 20-21
|
| 850 |
|
|
|a Slovenská národná knižnica
|
| 852 |
|
|
|a Slovenská národná knižnica
|
| 954 |
|
|
|a odborná, vedecká literatúra pôvodná (slovenská)
|2 lita
|
| 958 |
|
|
|a article27
|
| 958 |
|
|
|a RK
|
| 958 |
|
|
|a LX
|
| 958 |
|
|
|a SU
|
| 958 |
|
|
|a OND
|
| 958 |
|
|
|a EUIPO
|
| 992 |
|
|
|a RBX
|
| 999 |
|
|
|c 3023713
|d 3025643
|